[Event "Montcalm IV 2004-05"]
[Site "Quebec CAN"]
[Date "2005.01.13"]
[Round "1"]
[White "Tremblay, Rejean"]
[Black "Lessard, Claude"]
[Result "1-0"]
[WhiteElo "2152"]
[BlackElo "2020"]
[PlyCount "67"]
[GameId "2160767911031650"]
[EventDate "2005.01.13"]
[EventType "tourn"]
[EventRounds "5"]
[EventCountry "CAN"]
[SourceTitle "EXT 2006"]
[Source "ChessBase"]
[SourceDate "2005.11.24"]
[SourceVersion "1"]
[SourceVersionDate "2005.11.24"]
[SourceQuality "1"]

1. d4 Nf6 2. Nf3 g6 3. c4 c5 4. Nc3 Bg7 5. d5 d6 6. e4 b5 7. cxb5 a6 8. a4 O-O 9. Ra3 Nbd7 10. Bg5 Ng4 11. Nd2 f5 12. exf5 Nde5 13. f3 Rxf5 14. fxg4 Rxg5 15. h3 c4 16. Nce4 e6 17. Nxg5 Qxg5 18. Nxc4 Nxc4 19. Bxc4 Bxb2 20. Rf3 axb5 21. O-O bxc4 22. Rf8+ Kg7 23. dxe6 Qe3+ 24. Kh1 Qxe6 25. R1f7+ Qxf7 26. Rxf7+ Kxf7 27. Qd5+ Be6 28. Qb7+ Kf6 29. Qxa8 c3 30. Qh8+ Ke7 31. Qxh7+ Bf7 32. Qg7 Ke8 33. a5 Bc4 34. h4 1-0

[Event "Montcalm IV 2004-05"]
[Site "Quebec CAN"]
[Date "2005.01.20"]
[Round "2"]
[White "Audet-Bouchard, Nicolas"]
[Black "Berube, Antoine"]
[Result "0-1"]
[WhiteElo "2080"]
[BlackElo "2130"]
[PlyCount "58"]
[GameId "2160767911031651"]
[EventDate "2005.01.13"]
[EventType "tourn"]
[EventRounds "5"]
[EventCountry "CAN"]
[SourceTitle "EXT 2006"]
[Source "ChessBase"]
[SourceDate "2005.11.24"]
[SourceVersion "1"]
[SourceVersionDate "2005.11.24"]
[SourceQuality "1"]

1. e4 c5 2. Nf3 d6 3. d4 cxd4 4. Nxd4 Nf6 5. Nc3 a6 6. Be3 e5 7. Nb3 Be6 8. f3 Be7 9. Qd2 h5 10. O-O-O Nbd7 11. g3 Rc8 12. Kb1 b5 13. Nd5 Bxd5 14. exd5 Nb6 15. Bxb6 Qxb6 16. Bd3 b4 17. Bf5 Rd8 18. Rhe1 Nd7 19. f4 Bf6 20. Nd4 Nb8 21. Nf3 O-O 22. fxe5 dxe5 23. Nxe5 a5 24. Nf3 Na6 25. Ng5 Nc7 26. Bh7+ Kh8 27. Be4 Nb5 28. Ka1 Bxb2+ 29. Kxb2 Qf6+ 0-1

[Event "Montcalm IV 2004-05"]
[Site "Quebec CAN"]
[Date "2005.01.20"]
[Round "2"]
[White "Fortier, Bertrand"]
[Black "Bourassa, Andre"]
[Result "1/2-1/2"]
[WhiteElo "1645"]
[BlackElo "1679"]
[PlyCount "110"]
[GameId "2160767911031652"]
[EventDate "2005.01.13"]
[EventType "tourn"]
[EventRounds "5"]
[EventCountry "CAN"]

1. d4 d5 2. g3 e6 3. Bg2 c5 4. c3 Qb6 5. Nf3 Nc6 6. O-O Nf6 7. e3 Bd6 8. Re1 O-O 9. Nbd2 e5 10. dxc5 Bxc5 11. Nb3 Be7 12. Bd2 e4 13. Nfd4 Ne5 14. f3 Nd3 15. Rf1 exf3 16. Bxf3 Nxb2 17. Qe2 Na4 18. c4 dxc4 19. Qxc4 Nc5 20. Ba5 Qa6 21. Rac1 Qxc4 22. Rxc4 Nxb3 23. axb3 Ne8 24. Rfc1 Nd6 25. R4c2 Bg5 26. Kf2 Re8 27. Bd2 Rb8 28. Rc7 Bd8 29. R7c2 Bb6 30. Bb4 Nf5 31. Nxf5 Bxf5 32. Rc3 g6 33. Rd1 Rbd8 34. Rxd8 Rxd8 35. Bxb7 Rd2+ 36. Kg1 Re2 37. Ba6 Bxe3+ 38. Kf1 Rf2+ 39. Ke1 Bb6 40. Bc8 Be4 41. h4 Rb2 42. Bg4 Bb7 43. Bf3 Bf2+ 44. Kd1 Bxf3+ 45. Rxf3 Bd4 46. Rd3 Bf6 47. g4 Bxh4 48. Rc3 Kg7 49. Rh3 Bf6 50. g5 Be5 51. Re3 f6 52. gxf6+ Kxf6 53. Rxe5 Rxb3 54. Rb5 Rd3+ 55. Ke2 Rd7 1/2-1/2

[Event "Montcalm IV 2004-05"]
[Site "Quebec CAN"]
[Date "2005.01.20"]
[Round "2"]
[White "L'Heureux, Clement"]
[Black "Sauve, Richard"]
[Result "1/2-1/2"]
[WhiteElo "2004"]
[BlackElo "2011"]
[PlyCount "49"]
[GameId "2160767911031653"]
[EventDate "2005.01.13"]
[EventType "tourn"]
[EventRounds "5"]
[EventCountry "CAN"]
[SourceTitle "EXT 2006"]
[Source "ChessBase"]
[SourceDate "2005.11.24"]
[SourceVersion "1"]
[SourceVersionDate "2005.11.24"]
[SourceQuality "1"]

1. e4 e6 2. Nf3 d5 3. Nc3 Nf6 4. exd5 exd5 5. d4 Be7 6. Bd3 O-O 7. h3 c6 8. O-O Nbd7 9. Re1 Re8 10. Bf4 Nf8 11. Ne5 Be6 12. Qf3 Qb6 13. Ne2 N8d7 14. a4 Qd8 15. c3 Nxe5 16. Bxe5 Bd6 17. Bxd6 Qxd6 18. Qf4 Qxf4 19. Nxf4 Bd7 20. a5 h6 21. Kf1 g6 22. h4 Kg7 23. Rxe8 Rxe8 24. Re1 Rxe1+ 25. Kxe1 1/2-1/2

[Event "Montcalm IV 2004-05"]
[Site "Quebec CAN"]
[Date "2005.01.20"]
[Round "2"]
[White "Lessard, Claude"]
[Black "Caire, Francois"]
[Result "0-1"]
[WhiteElo "2020"]
[BlackElo "2147"]
[PlyCount "102"]
[GameId "2160767911031654"]
[EventDate "2005.01.13"]
[EventType "tourn"]
[EventRounds "5"]
[EventCountry "CAN"]
[SourceTitle "EXT 2006"]
[Source "ChessBase"]
[SourceDate "2005.11.24"]
[SourceVersion "1"]
[SourceVersionDate "2005.11.24"]
[SourceQuality "1"]

1. e4 c6 2. d4 d5 3. exd5 cxd5 4. c4 Nf6 5. Nc3 g6 6. cxd5 Bg7 7. Bb5+ Nbd7 8. Nge2 O-O 9. O-O Nb6 10. Bg5 a6 11. Bd3 Nfxd5 12. Rc1 Bd7 13. Ne4 Bc6 14. Nc5 Rc8 15. Qd2 Qd6 16. a3 e5 17. Ne4 Qe6 18. dxe5 Qxe5 19. Rb1 f5 20. f4 Qe6 21. Nc5 Qe3+ 22. Qxe3 Nxe3 23. Ne6 Nxf1 24. Nxf8 Nd2 25. Rd1 Ndc4 26. Bxc4+ Nxc4 27. Ne6 Bxb2 28. Nd8 Bxg2 29. Rd7 Bc6 30. Nxc6 bxc6 31. a4 c5 32. h4 Ne3 33. Kf2 Ng4+ 34. Ke1 c4 35. Kd1 h6 36. Be7 Rc6 37. Bb4 Bf6 38. Rb7 a5 39. Rb8+ Kf7 40. Rb7+ Ke6 41. Bxa5 Kd5 42. Be1 Ne3+ 43. Kd2 Ke4 44. Kc1 Ng2 45. Nc3+ Kd3 46. Rd7+ Ke3 47. Bd2+ Kf3 48. Nd5 c3 49. Nb4 cxd2+ 50. Kxd2 Bc3+ 51. Kd3 Ne1# 0-1

[Event "Montcalm IV 2004-05"]
[Site "Quebec CAN"]
[Date "2005.01.20"]
[Round "2"]
[White "Marquis, Paul"]
[Black "Dion, Jean-Francois"]
[Result "1-0"]
[WhiteElo "1878"]
[BlackElo "1929"]
[PlyCount "102"]
[GameId "2160767911031655"]
[EventDate "2005.01.13"]
[EventType "tourn"]
[EventRounds "5"]
[EventCountry "CAN"]
[SourceTitle "EXT 2006"]
[Source "ChessBase"]
[SourceDate "2005.11.24"]
[SourceVersion "1"]
[SourceVersionDate "2005.11.24"]
[SourceQuality "1"]

1. e4 d6 2. d4 Nf6 3. Nc3 g6 4. Be3 Bg7 5. Qd2 O-O 6. h3 c6 7. g4 e5 8. O-O-O Qc7 9. dxe5 dxe5 10. Bc5 Re8 11. Bd6 Qd7 12. Nf3 b5 13. Nxe5 Qe6 14. f4 Bf8 15. Bxf8 Rxf8 16. g5 Nfd7 17. Ng4 f6 18. Qd4 a6 19. Be2 Bb7 20. Nh6+ Kg7 21. Bg4 c5 22. Bxe6 cxd4 23. Rxd4 Nc5 24. Bd5 Nc6 25. Bxc6 Bxc6 26. b4 Nxe4 27. Nxe4 f5 28. Nf6 Rxf6 29. gxf6+ Kxh6 30. Re1 Be4 31. c4 Rf8 32. c5 Rxf6 33. Rd6 Rf7 34. Rxa6 Kh5 35. Rb6 g5 36. fxg5 Kxg5 37. Rxb5 Bd3 38. Rb8 f4 39. Kd2 Bc4 40. Kc3 Bxa2 41. c6 f3 42. b5 f2 43. Rf1 Be6 44. Rg8+ Kh4 45. Rg2 Rf3+ 46. Kd4 Rb3 47. Kc5 Bxh3 48. Rgxf2 Bxf1 49. Rxf1 h5 50. c7 Kg3 51. Kc4 Rb2 1-0

[Event "Montcalm IV 2004-05"]
[Site "Quebec CAN"]
[Date "2005.01.20"]
[Round "2"]
[White "Tremblay, Rejean"]
[Black "Drolet, Stephane"]
[Result "1-0"]
[WhiteElo "2152"]
[BlackElo "2138"]
[PlyCount "85"]
[GameId "2160767911031656"]
[EventDate "2005.01.13"]
[EventType "tourn"]
[EventRounds "5"]
[EventCountry "CAN"]
[SourceTitle "EXT 2006"]
[Source "ChessBase"]
[SourceDate "2005.11.24"]
[SourceVersion "1"]
[SourceVersionDate "2005.11.24"]
[SourceQuality "1"]

1. e4 e6 2. d4 d5 3. Nd2 Nc6 4. Ngf3 Nf6 5. e5 Nd7 6. Bb5 a5 7. a4 Na7 8. Bd3 c5 9. c3 Nc6 10. O-O cxd4 11. cxd4 Nb4 12. Bb1 b6 13. Re1 Ba6 14. Nf1 Bxf1 15. Kxf1 Be7 16. Ra3 Rc8 17. Rae3 Nf8 18. h4 Qd7 19. g3 Rc6 20. Rc3 Qc8 21. Rxc6 Qxc6 22. Re3 Qb7 23. Rc3 Nd7 24. Bg5 h6 25. Bf4 b5 26. Kg2 Bd8 27. Ne1 g5 28. hxg5 hxg5 29. Bd2 Be7 30. Qg4 bxa4 31. Nf3 Nc6 32. Bxg5 Nd8 33. Bxe7 Kxe7 34. Qg5+ Ke8 35. Qc1 Qb4 36. Bd3 Nb6 37. Rc7 Nd7 38. Rc8 Rg8 39. Qc7 Ke7 40. Ra8 Qb6 41. Ra7 Qc6 42. Qxa5 Nb7 43. Qb4+ 1-0

[Event "Montcalm IV 2004-05"]
[Site "Quebec CAN"]
[Date "2005.01.20"]
[Round "2"]
[White "Valley, Michel"]
[Black "Auger, Bertrand"]
[Result "1-0"]
[WhiteElo "1901"]
[BlackElo "1930"]
[PlyCount "57"]
[GameId "2160767911031657"]
[EventDate "2005.01.13"]
[EventType "tourn"]
[EventRounds "5"]
[EventCountry "CAN"]
[SourceTitle "EXT 2006"]
[Source "ChessBase"]
[SourceDate "2005.11.24"]
[SourceVersion "1"]
[SourceVersionDate "2005.11.24"]
[SourceQuality "1"]

1. e4 e6 2. d4 d5 3. e5 b6 4. Bb5+ c6 5. Be2 Ba6 6. Nf3 Bxe2 7. Qxe2 Ne7 8. O-O Nf5 9. Be3 Be7 10. Nbd2 O-O 11. Rfd1 Qc8 12. Nf1 c5 13. c3 Qa6 14. Qd2 Nc6 15. g4 cxd4 16. gxf5 dxe3 17. Nxe3 Qa4 18. b4 d4 19. cxd4 Nxb4 20. Kh1 Rfd8 21. Rg1 Qc6 22. Rg3 Qe4 23. f6 Bf8 24. fxg7 Be7 25. Ng4 h5 26. Nh6+ Kh7 27. Nxf7 Kg8 28. Nxd8 Rxd8 29. Qh6 1-0

[Event "Montcalm IV 2004-05"]
[Site "Quebec CAN"]
[Date "2005.01.27"]
[Round "3"]
[White "Auger, Bertrand"]
[Black "L'Heureux, Clement"]
[Result "1-0"]
[WhiteElo "1930"]
[BlackElo "2004"]
[PlyCount "107"]
[GameId "2160767911031658"]
[EventDate "2005.01.13"]
[EventType "tourn"]
[EventRounds "5"]
[EventCountry "CAN"]
[SourceTitle "EXT 2006"]
[Source "ChessBase"]
[SourceDate "2005.11.24"]
[SourceVersion "1"]
[SourceVersionDate "2005.11.24"]
[SourceQuality "1"]

1. d4 Nf6 2. Nf3 g6 3. g3 Bg7 4. Bg2 d6 5. c4 c5 6. Nc3 Nc6 7. O-O O-O 8. d5 Nb8 9. Bg5 Nbd7 10. Qd2 Ng4 11. h3 Nge5 12. Nxe5 Nxe5 13. b3 Re8 14. Rad1 a6 15. Bh6 Bh8 16. f4 Nd7 17. e4 Qa5 18. Rf3 b5 19. Qc2 bxc4 20. bxc4 Rb8 21. e5 dxe5 22. f5 e4 23. fxg6 hxg6 24. Nxe4 Rb2 25. Qc1 Qxa2 26. Rd2 Bd4+ 27. Kh1 Ne5 28. Rf1 Bf5 29. Rxb2 Bxb2 30. Qb1 Qxc4 31. Rxf5 gxf5 32. Qxb2 Qd4 33. Nc3 c4 34. Qc1 f6 35. Be3 Nd3 36. Qd2 Qe5 37. Ne2 Qa1+ 38. Kh2 Rb8 39. Bd4 Qe1 40. Qe3 Qb4 41. Qe6+ Kg7 42. Qxf5 Qd6 43. Be4 Rb3 44. Qg6+ Kf8 45. Be3 e5 46. Bh6+ Ke7 47. Qg8 Rb8 48. Qh7+ Kd8 49. Qf5 Rb2 50. Bf3 Ne1 51. Bg4 Rb8 52. Bg7 Rb6 53. Qc8+ Ke7 54. Qf8# 1-0

[Event "Montcalm IV 2004-05"]
[Site "Quebec CAN"]
[Date "2005.01.27"]
[Round "3"]
[White "Berube, Antoine"]
[Black "Tremblay, Rejean"]
[Result "0-1"]
[WhiteElo "2130"]
[BlackElo "2152"]
[PlyCount "70"]
[GameId "2160767911031659"]
[EventDate "2005.01.13"]
[EventType "tourn"]
[EventRounds "5"]
[EventCountry "CAN"]
[SourceTitle "EXT 2006"]
[Source "ChessBase"]
[SourceDate "2005.11.24"]
[SourceVersion "1"]
[SourceVersionDate "2005.11.24"]
[SourceQuality "1"]

1. e4 e6 2. d4 d5 3. Nc3 Nf6 4. e5 Nfd7 5. f4 c5 6. Nf3 Nc6 7. Be3 Qb6 8. Be2 a6 9. Rb1 cxd4 10. Nxd4 Nxd4 11. Bxd4 Bc5 12. Na4 Qa5+ 13. c3 Bxd4 14. Qxd4 b5 15. Nc5 Qxa2 16. O-O Qa5 17. Nxd7 Bxd7 18. f5 Qc7 19. Bd3 Qa7 20. fxe6 Qxd4+ 21. cxd4 fxe6 22. Rbc1 g6 23. Rc7 Ke7 24. b4 Rhf8 25. g3 Rxf1+ 26. Kxf1 Kd8 27. Rc5 a5 28. Bxb5 a4 29. Bc6 Bxc6 30. Rxc6 a3 31. Rc1 a2 32. Ra1 Kc7 33. Ke2 Kb6 34. Kd3 Kb5 35. Kc3 Ra3+ 0-1

[Event "Montcalm IV 2004-05"]
[Site "Quebec CAN"]
[Date "2005.01.27"]
[Round "3"]
[White "Bourassa, Andre"]
[Black "Dao, Huy Hao"]
[Result "1/2-1/2"]
[WhiteElo "1679"]
[BlackElo "1674"]
[PlyCount "58"]
[GameId "2160767911031660"]
[EventDate "2005.01.13"]
[EventType "tourn"]
[EventRounds "5"]
[EventCountry "CAN"]

1. d4 d5 2. c4 c6 3. Nf3 Nf6 4. e3 Bf5 5. Nc3 e6 6. Qb3 Qc7 7. Bd2 a5 8. c5 Be7 9. Rc1 O-O 10. Na4 Nbd7 11. Be2 Rfb8 12. O-O Qd8 13. h3 Ne4 14. Be1 Bf6 15. Nd2 e5 16. Nxe4 Bxe4 17. f3 Bg6 18. Bg3 Qe7 19. Bd3 Bxd3 20. Qxd3 Re8 21. Rfe1 Bh4 22. Bxh4 Qxh4 23. e4 exd4 24. Qxd4 Nf6 25. Nc3 dxe4 26. Nxe4 Nxe4 27. Rxe4 Rxe4 28. Qxe4 Qxe4 29. fxe4 Re8 1/2-1/2

[Event "Montcalm IV 2004-05"]
[Site "Quebec CAN"]
[Date "2005.01.27"]
[Round "3"]
[White "Caire, Francois"]
[Black "Audet-Bouchard, Nicolas"]
[Result "1-0"]
[WhiteElo "2147"]
[BlackElo "2080"]
[PlyCount "121"]
[GameId "2160767911031661"]
[EventDate "2005.01.13"]
[EventType "tourn"]
[EventRounds "5"]
[EventCountry "CAN"]
[SourceTitle "EXT 2006"]
[Source "ChessBase"]
[SourceDate "2005.11.24"]
[SourceVersion "1"]
[SourceVersionDate "2005.11.24"]
[SourceQuality "1"]

1. d4 Nf6 2. c4 e6 3. Nf3 Bb4+ 4. Bd2 a5 5. Nc3 b6 6. e3 Bb7 7. Bd3 O-O 8. O-O d6 9. a3 Bxc3 10. Bxc3 Ne4 11. Bxe4 Bxe4 12. Nd2 Bd3 13. Re1 d5 14. b3 f5 15. Nf3 dxc4 16. Ne5 Nd7 17. Nxd3 cxd3 18. Qxd3 Nf6 19. Bb2 a4 20. b4 Qd7 21. Rac1 c6 22. f3 b5 23. Qc2 Rac8 24. e4 fxe4 25. fxe4 Qf7 26. Qe2 Qg6 27. Rc3 Nd7 28. d5 e5 29. dxc6 Rxc6 30. Qxb5 Rxc3 31. Bxc3 Qb6+ 32. Qxb6 Nxb6 33. Bxe5 Nc4 34. Bg3 Rd8 35. b5 Rd3 36. e5 Rxa3 37. e6 Kf8 38. Rc1 Ke7 39. Rxc4 Kxe6 40. b6 Rb3 41. Rxa4 Rxb6 42. h3 Rb5 43. Re4+ Kf7 44. Kf2 Rb2+ 45. Kf3 Rb3+ 46. Re3 Rb2 47. Be5 Ra2 48. Re2 Ra3+ 49. Ke4 Kg6 50. Rc2 Ra4+ 51. Bd4 Kh6 52. Rf2 Ra6 53. Rf4 Kh5 54. Bxg7 Rg6 55. Rf5+ Kh4 56. Bf6+ Kg3 57. Rg5+ Rxg5 58. Bxg5 Kxg2 59. h4 Kg3 60. Kf5 h6 61. Be7 1-0

[Event "Montcalm IV 2004-05"]
[Site "Quebec CAN"]
[Date "2005.01.27"]
[Round "3"]
[White "Drolet, Stephane"]
[Black "Lessard, Claude"]
[Result "1-0"]
[WhiteElo "2138"]
[BlackElo "2020"]
[PlyCount "77"]
[GameId "2160767911031662"]
[EventDate "2005.01.13"]
[EventType "tourn"]
[EventRounds "5"]
[EventCountry "CAN"]
[SourceTitle "EXT 2006"]
[Source "ChessBase"]
[SourceDate "2005.11.24"]
[SourceVersion "1"]
[SourceVersionDate "2005.11.24"]
[SourceQuality "1"]

1. Nf3 Nf6 2. c4 g6 3. b3 Bg7 4. Bb2 d6 5. d4 b5 6. cxb5 a6 7. e3 axb5 8. Bxb5+ Nbd7 9. Nbd2 O-O 10. O-O c5 11. dxc5 Nxc5 12. b4 Ne6 13. a4 Rb8 14. Qb3 Nc7 15. Be2 Be6 16. Qa3 Ra8 17. b5 Qb8 18. Nd4 Bd5 19. Rfc1 Nd7 20. Nc6 Bxc6 21. Bxg7 Kxg7 22. Rxc6 Nc5 23. Qb2+ Kg8 24. b6 N7a6 25. a5 Qb7 26. Bb5 Rfb8 27. Qc3 Rc8 28. Rxc8+ Rxc8 29. Rc1 Rd8 30. Qc4 Ra8 31. h3 Nb8 32. Qc3 Nba6 33. Nf3 h6 34. Nd4 Kh7 35. Bc6 Qc8 36. Bxa8 Qxa8 37. Qc4 e6 38. Qb5 Qd5 39. b7 1-0

[Event "Montcalm IV 2004-05"]
[Site "Quebec CAN"]
[Date "2005.01.27"]
[Round "3"]
[White "Lapierre, Gaetan"]
[Black "Pichette, Francois"]
[Result "1-0"]
[WhiteElo "1874"]
[BlackElo "1767"]
[PlyCount "101"]
[GameId "2160767911031663"]
[EventDate "2005.01.13"]
[EventType "tourn"]
[EventRounds "5"]
[EventCountry "CAN"]
[SourceTitle "EXT 2006"]
[Source "ChessBase"]
[SourceDate "2005.11.24"]
[SourceVersion "1"]
[SourceVersionDate "2005.11.24"]
[SourceQuality "1"]

1. Nf3 c6 2. g3 d5 3. Bg2 Nf6 4. O-O Nbd7 5. d4 g6 6. Nbd2 Bg7 7. c4 O-O 8. h3 Qb6 9. e3 e5 10. dxe5 Ne8 11. cxd5 cxd5 12. Nb3 Nxe5 13. Nxe5 Bxe5 14. Qxd5 Bg7 15. Qe5 Qd6 16. Qxd6 Nxd6 17. Nd4 Rd8 18. Rd1 Nf5 19. Bd2 Nxd4 20. exd4 Rxd4 21. Bc3 Rxd1+ 22. Rxd1 Be6 23. Bxg7 Kxg7 24. b3 Rc8 25. Rd2 b6 26. f4 h5 27. Kf2 Bf5 28. h4 Rc7 29. Bf1 Rc2 30. Rxc2 Bxc2 31. Ke3 Kf6 32. Kd4 Kf5 33. Bh3+ Kf6 34. Kd5 Bf5 35. Bg2 Bd7 36. Kd6 Bb5 37. Be4 Be2 38. Kc7 b5 39. b4 Ke6 40. Kb7 Bc4 41. a3 Kd6 42. Kxa7 Bb3 43. Kb6 Bd5 44. Bxd5 Kxd5 45. Kxb5 Ke4 46. a4 Kf3 47. a5 Kxg3 48. a6 Kxf4 49. a7 g5 50. hxg5 h4 51. a8=Q 1-0

[Event "Montcalm IV 2004-05"]
[Site "Quebec CAN"]
[Date "2005.01.27"]
[Round "3"]
[White "Moisan, Francois"]
[Black "Caron, Sebastien"]
[Result "1/2-1/2"]
[WhiteElo "1845"]
[BlackElo "1854"]
[PlyCount "84"]
[GameId "2160767911031664"]
[EventDate "2005.01.13"]
[EventType "tourn"]
[EventRounds "5"]
[EventCountry "CAN"]
[SourceTitle "EXT 2006"]
[Source "ChessBase"]
[SourceDate "2005.11.24"]
[SourceVersion "1"]
[SourceVersionDate "2005.11.24"]
[SourceQuality "1"]

1. e4 e5 2. Nf3 Nc6 3. Bb5 a6 4. Ba4 Nf6 5. O-O b5 6. Bb3 Be7 7. Re1 O-O 8. a4 Bb7 9. d3 d6 10. Nbd2 Na5 11. c3 c5 12. Bc2 Qc7 13. Nf1 Kh8 14. Ng3 g6 15. d4 Bc6 16. h3 Ng8 17. d5 Bd7 18. Nh2 Nb7 19. Ng4 c4 20. Nh6 Kg7 21. Nxg8 Rxg8 22. axb5 axb5 23. Be3 Nc5 24. Qd2 Kh8 25. Bg5 f6 26. Be3 Rgb8 27. f4 Ra7 28. fxe5 fxe5 29. Bg5 Be8 30. Rf1 Rba8 31. Rxa7 Qxa7 32. Kh2 Kg8 33. Bf6 Bxf6 34. Rxf6 Qe7 35. Qg5 Qd8 36. Nf5 Nd7 37. Ne7+ Kg7 38. Rxd6 Kf8 39. Re6 Kg7 40. h4 Bf7 41. Rd6 Kf8 42. Nc6 Qxg5 1/2-1/2

[Event "Montcalm IV 2004-05"]
[Site "Quebec CAN"]
[Date "2005.01.27"]
[Round "3"]
[White "Sauve, Richard"]
[Black "Marquis, Paul"]
[Result "1-0"]
[WhiteElo "2011"]
[BlackElo "1878"]
[PlyCount "81"]
[GameId "2160767911031665"]
[EventDate "2005.01.13"]
[EventType "tourn"]
[EventRounds "5"]
[EventCountry "CAN"]
[SourceTitle "EXT 2006"]
[Source "ChessBase"]
[SourceDate "2005.11.24"]
[SourceVersion "1"]
[SourceVersionDate "2005.11.24"]
[SourceQuality "1"]

1. d4 Nf6 2. c4 g6 3. Nc3 Bg7 4. e4 d6 5. f3 O-O 6. Be3 c5 7. Nge2 Nc6 8. Qd2 cxd4 9. Nxd4 Bd7 10. Be2 Rc8 11. O-O Ne5 12. b3 a6 13. Rad1 Qc7 14. Nd5 Nxd5 15. exd5 f5 16. h3 Nf7 17. Rfe1 Be5 18. f4 Bf6 19. Bf3 Bh4 20. Bf2 Bxf2+ 21. Qxf2 Rce8 22. Re2 Nd8 23. Rde1 Rf7 24. Kh1 Qc5 25. Qe3 Rf6 26. Qd3 Rf7 27. Nc2 a5 28. a3 b6 29. b4 Qc7 30. Nd4 Nb7 31. Rc2 Rc8 32. Rec1 Qd8 33. Ne6 Qe8 34. Qd4 axb4 35. axb4 Rb8 36. Ra1 Nd8 37. Nc7 Qf8 38. Rca2 e5 39. fxe5 dxe5 40. Qxe5 Qxb4 41. Na6 1-0

[Event "Montcalm IV 2004-05"]
[Site "Quebec CAN"]
[Date "2005.02.03"]
[Round "4"]
[White "Bisson, Real"]
[Black "Bourassa, Andre"]
[Result "1-0"]
[WhiteElo "1717"]
[BlackElo "1679"]
[PlyCount "89"]
[GameId "2160767911031666"]
[EventDate "2005.01.13"]
[EventType "tourn"]
[EventRounds "5"]
[EventCountry "CAN"]

1. e4 c5 2. Nf3 d6 3. d4 cxd4 4. Nxd4 Nf6 5. Nc3 a6 6. Bg5 e5 7. Nb3 Be7 8. Qd2 Nbd7 9. O-O-O b5 10. f3 b4 11. Na4 Nxe4 12. Bxe7 Nxd2 13. Bxd8 Nxb3+ 14. axb3 Kxd8 15. Rxd6 Ke7 16. Rd5 Bb7 17. Ra5 f5 18. Bc4 g6 19. Re1 Ra7 20. Nc5 Nxc5 21. Rxe5+ Kf6 22. Raxc5 Rd8 23. Re6+ Kg5 24. Ree5 Kf4 25. Be2 Ba8 26. g3+ Kg5 27. f4+ Kf6 28. Bc4 Rad7 29. Kb1 Rd1+ 30. Ka2 Be4 31. Re6+ Kg7 32. Rc7+ Kh6 33. Ree7 Rh8 34. Bg8 Kh5 35. h3 h6 36. Bf7 Rg1 37. g4+ Kh4 38. Bxg6 Rd8 39. Red7 Bxc2 40. Bxf5 Bxf5 41. gxf5 Re8 42. Rh7 Rf1 43. Rcg7 Kh5 44. Rg6 Rxf4 45. Rhxh6# 1-0

[Event "Montcalm IV 2004-05"]
[Site "Quebec CAN"]
[Date "2005.02.03"]
[Round "4"]
[White "Caron, Sebastien"]
[Black "Hebert, Marc"]
[Result "1/2-1/2"]
[WhiteElo "1854"]
[BlackElo "1803"]
[PlyCount "74"]
[GameId "2160767911031667"]
[EventDate "2005.01.13"]
[EventType "tourn"]
[EventRounds "5"]
[EventCountry "CAN"]
[SourceTitle "EXT 2006"]
[Source "ChessBase"]
[SourceDate "2005.11.24"]
[SourceVersion "1"]
[SourceVersionDate "2005.11.24"]
[SourceQuality "1"]

1. e4 e5 2. Nf3 Nc6 3. Bb5 Bc5 4. O-O Nd4 5. Nxd4 Bxd4 6. c3 Bb6 7. d3 c6 8. Bc4 d6 9. Kh1 Qe7 10. f4 Be6 11. Nd2 exf4 12. Rxf4 Nf6 13. Bxe6 Qxe6 14. Qb3 O-O 15. Nc4 Nd7 16. Be3 Bxe3 17. Nxe3 Qxb3 18. axb3 Nc5 19. d4 Ne6 20. Rg4 h5 21. Rg3 g6 22. Ra5 Kh7 23. Nc4 b6 24. Ra1 Rfd8 25. Rf3 Kg7 26. Raf1 Rd7 27. Ra1 Rf8 28. e5 d5 29. Nd6 c5 30. Nb5 cxd4 31. cxd4 Rc8 32. Rc3 Ra8 33. Rc6 Rdd8 34. Nd6 Nxd4 35. Rc7 Rf8 36. Raxa7 Rxa7 37. Rxa7 Nc6 1/2-1/2

[Event "Montcalm IV 2004-05"]
[Site "Quebec CAN"]
[Date "2005.02.03"]
[Round "4"]
[White "Drolet, Stephane"]
[Black "Berube, Antoine"]
[Result "1/2-1/2"]
[WhiteElo "2138"]
[BlackElo "2130"]
[PlyCount "22"]
[GameId "2160767911031668"]
[EventDate "2005.01.13"]
[EventType "tourn"]
[EventRounds "5"]
[EventCountry "CAN"]
[SourceTitle "EXT 2006"]
[Source "ChessBase"]
[SourceDate "2005.11.24"]
[SourceVersion "1"]
[SourceVersionDate "2005.11.24"]
[SourceQuality "1"]

1. Nf3 d5 2. c4 c6 3. e3 Nf6 4. b3 Bg4 5. Bb2 e6 6. Be2 Nbd7 7. d3 Bd6 8. Nbd2 O-O 9. Qc2 Qe7 10. h3 Bxf3 11. Bxf3 Rfd8 1/2-1/2

[Event "Montcalm IV 2004-05"]
[Site "Quebec CAN"]
[Date "2005.02.03"]
[Round "4"]
[White "L'Heureux, Clement"]
[Black "Dion, Jean-Francois"]
[Result "0-1"]
[WhiteElo "2004"]
[BlackElo "1929"]
[PlyCount "82"]
[GameId "2160767911031669"]
[EventDate "2005.01.13"]
[EventType "tourn"]
[EventRounds "5"]
[EventCountry "CAN"]
[SourceTitle "EXT 2006"]
[Source "ChessBase"]
[SourceDate "2005.11.24"]
[SourceVersion "1"]
[SourceVersionDate "2005.11.24"]
[SourceQuality "1"]

1. d4 Nf6 2. c4 g6 3. Nc3 Bg7 4. e4 d6 5. f3 O-O 6. Be3 e5 7. Nge2 Nc6 8. d5 Ne7 9. Qd2 Ne8 10. g4 f5 11. gxf5 gxf5 12. Bg5 f4 13. Nc1 Kh8 14. Qf2 Bf6 15. h4 Rg8 16. Qh2 Ng6 17. Nd3 Qe7 18. O-O-O a6 19. Bh3 Bxh3 20. Qxh3 Bxg5 21. hxg5 Nf8 22. Rhg1 Rg6 23. Rg4 b5 24. b3 bxc4 25. bxc4 Qd7 26. Rdg1 Rb8 27. Rh4 Qxh3 28. Rxh3 Nf6 29. Ne2 N6d7 30. Rh5 Nc5 31. Nxc5 dxc5 32. Rh6 Rb4 33. Rxg6 Nxg6 34. Rd1 Rxc4+ 35. Kb2 Nh4 36. Rd3 Rb4+ 37. Kc2 Ng2 38. d6 cxd6 39. Rxd6 Ne1+ 40. Kc3 Nxf3 41. Rxa6 Nxg5 0-1

[Event "Montcalm IV 2004-05"]
[Site "Quebec CAN"]
[Date "2005.02.03"]
[Round "4"]
[White "Lessard, Claude"]
[Black "Audet-Bouchard, Nicolas"]
[Result "0-1"]
[WhiteElo "2020"]
[BlackElo "2080"]
[PlyCount "88"]
[GameId "2160767911031670"]
[EventDate "2005.01.13"]
[EventType "tourn"]
[EventRounds "5"]
[EventCountry "CAN"]
[SourceTitle "EXT 2006"]
[Source "ChessBase"]
[SourceDate "2005.11.24"]
[SourceVersion "1"]
[SourceVersionDate "2005.11.24"]
[SourceQuality "1"]

1. d4 Nf6 2. Bg5 c5 3. Bxf6 gxf6 4. e3 Qb6 5. b3 cxd4 6. exd4 Nc6 7. Nf3 d5 8. Be2 Rg8 9. O-O Bh3 10. g3 Bxf1 11. Bxf1 O-O-O 12. a4 e6 13. c3 Bd6 14. b4 f5 15. a5 Qc7 16. Na3 Qe7 17. Qa4 Nb8 18. Nb5 Nc6 19. Nxd6+ Rxd6 20. b5 Nd8 21. Ne5 f6 22. Nd3 e5 23. Bh3 Rg5 24. dxe5 fxe5 25. Re1 e4 26. c4 d4 27. c5 Rh6 28. Nf4 Qxc5 29. Rxe4 Rd6 30. Qb3 Qc1+ 31. Kg2 Kb8 32. Qb4 fxe4 33. Qxd6+ Qc7 34. Qf6 Rxb5 35. Qxd4 Rxa5 36. Qh8 e3 37. fxe3 Qc2+ 38. Kf3 Qd1+ 39. Ne2 Ra2 40. Qe5+ Ka8 41. Qb5 a6 42. Qe8 Qxe2+ 43. Kf4 Qf2+ 44. Kg5 Ra5+ 0-1